000 00430nam a22001097a 4500
008 110627t xxu||||| |||| 00| 0 eng d
010 _aHCMAF105
245 _aHigh Court HCT-00-CV-MA-593-2003 Kikonda Butema Farms LTD Vs The Inspector General of Goverment
260 _c2003
500 _aBefore: HON. MR. JUSTICE RUBBY AWERI OPIO
999 _c4031
_d4031